Matej Markovič (1707-1762) : pramenná edícia /
Uložené v:
| Hlavní autori: | , |
|---|---|
| Médium: | Kniha |
| Jazyk: | Slovak |
| Vydané: |
Bekéšska Čaba :
Výskumný ústav Slovákov v Maďarsku,
2022.
|
| Témy: | |
| ISBN: |
9786155330230 |
| Fyzický popis: |
183 strán : faksimile, fotografie, mapa, portrét ; 20 cm. |
| Tagy: |
Pridať tag
Žiadne tagy, Buďte prvý kto otaguje tento záznam!
|
Titul je dostupný aj v ... 

MARC
| LEADER | 00000nam a2200000 i 4500 | ||
|---|---|---|---|
| 001 | 000697384 | ||
| 005 | 20230630122649.0 | ||
| 008 | 230215s2022 hu bchog 000 0 slo d | ||
| 020 | |a 9786155330230 |q (brožované) | ||
| 040 | |a SVKKK |b slo |c SVKKK |e rda | ||
| 041 | 1 | |a slo |b hun | |
| 044 | |a hu |c HU | ||
| 072 | 7 | |a 929 |x Biografie |2 konspekt | |
| 072 | 7 | |a 821.162.4.09 |x Slovenská literatúra (o nej) |2 konspekt | |
| 080 | |a 821.162.4-051 |2 2011 | ||
| 080 | |a 821.162.4 |2 2011 | ||
| 080 | |a (=162.4) |2 2011 | ||
| 080 | |a 2-23/-29 |2 2011 | ||
| 080 | |a (092) |2 2011 | ||
| 100 | 1 | |a Brtáňová, Erika, |d 1962- |4 aut | |
| 245 | 1 | 0 | |a Matej Markovič (1707-1762) : |b pramenná edícia / |c Erika Brtáňová, Juraj Rágyanszki. |
| 264 | 1 | |a Bekéšska Čaba : |b Výskumný ústav Slovákov v Maďarsku, |c 2022. | |
| 300 | |a 183 strán : |b faksimile, fotografie, mapa, portrét ; |c 20 cm. | ||
| 336 | |a text |b txt |2 rdacontent | ||
| 337 | |a bez média |b n |2 rdamedia | ||
| 338 | |a zväzok |b nc |2 rdacarrier | ||
| 504 | |a Obsahuje bibliografické odkazy | ||
| 546 | |a Maďarské resumé | ||
| 600 | 1 | 7 | |a Markovič, Matej, |d 1707-1762 |2 SVKKKMA |
| 650 | 0 | 7 | |a slovenskí spisovatelia |2 SVKKKPH |
| 650 | 0 | 7 | |a slovenská literatúra |2 SVKKKPH |
| 650 | 0 | 7 | |a Slováci |2 SVKKKPH |
| 650 | 0 | 7 | |a náboženská literatúra |2 SVKKKPH |
| 650 | 0 | 7 | |a Slovak authors |2 SVKKKPHeng |
| 650 | 0 | 7 | |a Slovak literature |2 SVKKKPHeng |
| 650 | 0 | 7 | |a Slovaks |2 SVKKKPHeng |
| 650 | 0 | 7 | |a religious literature |2 SVKKKPHeng |
| 655 | 7 | |a biografie |2 SVKKKPH | |
| 655 | 7 | |a biography |2 SVKKKPHeng | |
| 700 | 1 | |a Rágyanszki, Juraj |4 aut | |
| 910 | |a svkkk | ||
| 919 | |a 978-615-5330-23-0 | ||
| 998 | |a BK | ||
| 090 | |g SCKHL |k Sklad Hlavná 10 prízemie |a I.87949 |j 1123979 |i 2721008878 |s Absenčne | ||